| 000 | 01787nam0a2200373 4500 | ||
|---|---|---|---|
| 001 | RU\NLR\BIBL_A\010300012 | ||
| 005 | 20250810065615.0 | ||
| 010 | _a978-5-16-009611-7 | ||
| 021 |
_aRU _b2014-5049 _9307 |
||
| 035 | _a(NLR Aleph) 010300012 | ||
| 035 | _a(NILC)RuMoRGB-006739033 | ||
| 090 |
_a10588923 _c10588923 |
||
| 100 | _a20140328d2014 u y0rusy50 ca | ||
| 101 | 0 | _arus | |
| 102 | _aRU | ||
| 105 | _aa|||j||||01yy | ||
| 200 | 1 |
_aОперационный менеджмент _eучебник _eучебное пособие для слушателей образовательных учреждений, обучающихся по программе МВА и другим программам подготовки управленческих кадров _fС. В. Ильдеменов, А. С. Ильдеменов, С. В. Лобов _gИн-т экономики и финансов "Синергия" |
|
| 210 |
_aМосква _cИнфра-М _d2014 |
||
| 215 |
_a336, [1] с. _cил. _d21 |
||
| 225 | 2 | _aСерия учебников для программы МВА (Master of Business Administration) | |
| 320 | _aБиблиогр.: с. 336-337 | ||
| 606 | 1 |
_aМенеджмент производственный _jУчебники _92111959 _3RU\NLR\AUTH\661276301 |
|
| 610 | 0 | _aоперационный менеджмент | |
| 686 | 1 | _aУ21(2)2я7 | |
| 700 | 1 |
_aИльдеменов _bС. В. _gСергей Валентинович |
|
| 701 | 1 |
_aИльдеменов _bА. С. _gАндрей Сергеевич |
|
| 701 | 1 |
_aЛобов _bС. В. |
|
| 801 | 0 |
_aRU _bРГБ _c20140213 _gRCR |
|
| 801 | 1 |
_aRU _bРГБ _c20140213 _2rusmarc |
|
| 942 | _cBOOK | ||
| 980 | _aNBR | ||
| 980 | _aNB | ||